00381pab a2200145 454500008004000000100002000040245007100060260000900131300001300140362001100153650002000164650001200184700001900196773002000215180718b2012 xxu||||| |||| 00| 0 eng d aAwasthi, Malini aIndian culture and tradition: A unique treasure house of knowledge c2012 ap.39-43. a27 Feb aCulture - India aCulture aAgarwal, Reena aUniversity News